| 000 | 00555nam a2200181Ia 4500 | ||
|---|---|---|---|
| 008 | 090124s9999 xx 000 0 und d | ||
| 082 | _b127096 | ||
| 100 | _aटिळक लक्ष्मीबाई | ||
| 245 | _a स्मृतिचित्रे | ||
| 250 | _a3 | ||
| 260 | _c1993 | ||
| 300 | _a591 | ||
| 600 | _aटिळक लक्ष्मीबाई | ||
| 630 | _a स्मृतिचित्रे | ||
| 700 | _aटिळक लक्ष्मीबाई | ||
| 730 | _a स्मृतिचित्रे | ||
| 942 | _cBOOK | ||
| 999 |
_c173185 _d173185 |
||